| 000 | 00859nam a22002655i 4500 | ||
|---|---|---|---|
| 001 | 69174 | ||
| 003 | ES-MaACL | ||
| 005 | 20260426162625.0 | ||
| 007 | t| | ||
| 008 | 040916s1992 sp ||||0| spa d | ||
| 020 | _a84-00-07304-5 | ||
| 040 |
_aM-BN _bspa _cM-BN |
||
| 080 | _a830 Rilke, Rainer Maria 1.06 | ||
| 080 | _a929 Rilke, Rainer Maria | ||
| 100 | 1 |
_aAlmendral Oppermann, Ana Isabel. _920138 |
|
| 245 | 1 | 0 |
_aRilke en Madrid / _cAna Isabel Almendral Oppermann. |
| 260 |
_a[Madrid] : _bInstituto de Estudios Madrileños, _cD.L. 1992. |
||
| 300 |
_a41 p. [3] p. de lám. : _b1 retr. ; _c21 cm. |
||
| 490 | 1 | _aEuropeos en Madrid | |
| 600 | 1 | 4 |
_aRilke, Rainer Maria, _d1875-1926 _997230 |
| 710 | 2 |
_aInstituto de Estudios Madrileños _94916 |
|
| 830 | 0 |
_aEuropeos en Madrid _9183264 |
|
| 852 |
_aES-MaACL _j2179-F-16 _bR.121152 |
||
| 999 |
_c69174 _d69174 |
||